[Event "BCF-chT4 2223 (4NCL)"]
[Site "England"]
[Date "2022.11.06"]
[Round "2.105"]
[White "Hoong, Jonathan"]
[Black "Thomson, James L"]
[Result "1/2-1/2"]
[WhiteElo "1719"]
[BlackElo "1708"]
[PlyCount "52"]
[EventDate "2022.11.05"]
[EventType "team-swiss"]
[EventRounds "11"]
[EventCountry "ENG"]
[SourceTitle "EXT 2024"]
[Source "ChessBase"]
[SourceDate "2023.10.10"]
[SourceVersion "1"]
[SourceVersionDate "2023.10.10"]
[SourceQuality "1"]
[WhiteTeam "Celtic Tigers II"]
[BlackTeam "Ashfield III"]
[WhiteTeamCountry "ENG"]
[BlackTeamCountry "ENG"]

1. e4 c6 2. Nf3 d5 3. Nc3 Bg4 4. h3 Bxf3 5. Qxf3 Nf6 6. e5 Nfd7 7. d4 e6 8. Bf4 Bb4 9. a3 Be7 10. Qg3 g6 11. Qd3 a6 12. Ne2 c5 13. c3 Nc6 14. Rd1 Rc8 15. Ng3 Bg5 16. Qd2 Bxf4 17. Qxf4 cxd4 18. cxd4 Qa5+ 19. Qd2 Qxd2+ 20. Rxd2 Ke7 21. Be2 Na5 22. 0-0 Rc7 23. Bd1 Nc4 24. Re2 Rhc8 25. a4 h5 26. Rfe1 Rh8 1/2-1/2

[Event "BCF-chT4S 1920 (4NCL)"]
[Site "England"]
[Date "2020.02.08"]
[Round "5.45"]
[White "Hoong, Jonathan"]
[Black "Pigott, Darrell N"]
[Result "0-1"]
[WhiteElo "1750"]
[BlackElo "1877"]
[PlyCount "76"]
[EventDate "2019.11.09"]
[EventType "team-swiss"]
[EventRounds "11"]
[EventCountry "ENG"]
[SourceTitle "EXT 2022"]
[Source "ChessBase"]
[SourceDate "2021.10.06"]
[SourceVersion "1"]
[SourceVersionDate "2021.10.06"]
[SourceQuality "1"]
[WhiteTeam "Celtic Tigers II"]
[BlackTeam "Watford"]
[WhiteTeamCountry "ENG"]
[BlackTeamCountry "ENG"]

1. e4 d6 2. d4 Nf6 3. Nc3 g6 4. f4 Bg7 5. Nf3 c5 6. d5 0-0 7. Bc4 Na6 8. 0-0 Nc7 9. e5 Nd7 10. Qe2 Nb6 11. Bb3 Bg4 12. Bd2 Nd7 13. e6 Nf6 14. h3 Bxf3 15. Rxf3 fxe6 16. dxe6 d5 17. a3 c4 18. Ba2 Qd6 19. Re1 Rad8 20. Kh1 b5 21. f5 Ne4 22. Bf4 Be5 23. Bxe5 Qxe5 24. Nxe4 dxe4 25. fxg6 hxg6 26. Rxf8+ Rxf8 27. c3 Kg7 28. Bb1 e3 29. Qg4 Rf6 30. Qe4 Qg3 31. Rg1 Qf2 32. Qc6 e2 33. Qxc7 Qxg1+ 34. Kxg1 e1Q+ 35. Kh2 Qxe6 36. Bc2 Rf2 37. Bxg6 Qd6+ 38. Qxd6 exd6 0-1

[Event "BCF-chT4S 1920 (4NCL)"]
[Site "England"]
[Date "2019.11.10"]
[Round "2.94"]
[White "Arora, Tashika"]
[Black "Hoong, Jonathan"]
[Result "0-1"]
[WhiteElo "1690"]
[BlackElo "1780"]
[PlyCount "140"]
[EventDate "2019.11.09"]
[EventType "team-swiss"]
[EventRounds "11"]
[EventCountry "ENG"]
[SourceTitle "EXT 2022"]
[Source "ChessBase"]
[SourceDate "2021.10.06"]
[SourceVersion "1"]
[SourceVersionDate "2021.10.06"]
[SourceQuality "1"]
[WhiteTeam "Oxford V"]
[BlackTeam "Celtic Tigers II"]
[WhiteTeamCountry "ENG"]
[BlackTeamCountry "ENG"]

1. d4 Nf6 2. Nf3 g6 3. Bf4 Bg7 4. e3 d6 5. Be2 0-0 6. 0-0 Nbd7 7. c4 Re8 8. Nc3 e5 9. dxe5 dxe5 10. Nxe5 Nh5 11. Bxh5 Nxe5 12. Be2 c6 13. Qc2 Bf5 14. e4 Be6 15. b3 Qf6 16. Bd2 Rad8 17. Qc1 Nd3 18. Bxd3 Rxd3 19. Ne2 Qxa1 20. Qc2 Rxd2 21. Qxd2 Qb2 22. Qxb2 Bxb2 23. Rd1 Bf6 24. f3 Rd8 25. Rxd8+ Bxd8 26. Kf1 a5 27. Ke1 Kg7 28. Kd2 Kf6 29. Kd3 Ke5 30. Nc3 f5 31. g3 fxe4+ 32. Nxe4 Bf5 33. f4+ Ke6 34. Kd4 Bxe4 35. Kxe4 Be7 36. g4 Bd6 37. h3 h6 38. a4 Kf6 39. h4 h5 40. Kf3 Ke6 41. Kg3 Bb4 42. Kf3 Be1 43. gxh5 gxh5 44. Kg2 Bxh4 45. Kf3 Kf5 46. Ke3 Be7 47. Kf3 Bd6 48. Kg3 Bxf4+ 49. Kh4 Kg6 50. Kh3 Bg5 51. Kg3 Kf5 52. Kf3 Ke5 53. Kg3 Kd4 54. Kf3 Kc3 55. Kg3 Kxb3 56. Kf3 Kxc4 57. Ke4 h4 58. Kf3 Kd4 59. Kg4 c5 60. Kh3 c4 61. Kg4 c3 62. Kh3 c2 63. Kg4 c1Q 64. Kh3 Qc8+ 65. Kg2 Qf5 66. Kh2 Qf2+ 67. Kh1 Qf3+ 68. Kg1 Be3+ 69. Kh2 Qg3+ 70. Kh1 Qg1# 0-1